Statistics for Ancient History by Letter 'M'

Click here to take the quiz!

General Stats

  • This quiz has been taken 1,173 times
  • The average score is 12 of 16

Answer Stats

HintAnswer% Correct
Egyptian corpse that has been wrapped around, embalmed and preserevedMummy
97%
Her gaze could turn you to stone, Perseus put her to an endMedusa
95%
A person who lives and dies, unlike a god (Kombat anyone?)Mortal
93%
Central figure of Judaism who wrote the Torah and parted the Red SeaMoses
92%
"Cradle of Civilization" between the Tigris and the EuphratesMesopotamia
89%
A person who is killed because of his or her religious beliefsMartyr
88%
Head of a bull, body of a man, lives in the LabyrinthMinotaur
88%
Sea that lies between Northern Africa, Europe and Western AsiaMediterranean Sea
87%
Region of northern Greece, Home of Philip II and Alexander the GreatMacedonia
82%
The only Mesoamerican civilization with a written languageMaya
81%
Branch of science that Hippocrates is the father ofMedicine
80%
490 BC Greco-Persian battle where Pheidippides made his legendary runBattle of Marathon
74%
Egyptian city that was made capital of the Old Kingdom by Pharaoh MenesMemphis
67%
Roman goddess of wisdom and whose Greek equivalent is AthenaMinerva
64%
Collective name for the Triassic, Jurassic and Cretaceous periodMesozoic Era
37%
The 42 "laws" of Ancient Egypt; similar to the 10 CommandmentsMa'at
6%

Score Distribution

Percentile by Number Answered

Percent of People with Each Score

Your Score History

You have not taken this quiz